000 00716naa a22002537a 4500
001 BR8706851
003 BR-BrBNA
005 20250721154529.0
007 ta
008 250630b bl.|||m| |||| 00| 0 por d
040 _aBR-BrBNA
_bpor
_cBiblioteca Nacional de Agricultura
041 _a(Pt)
072 _aE80; Q02
090 _aE80 BR8706851
100 1 _aAnon.
245 1 _aSecagem de plantas
500 _aNossos avos ja usavam Rio de Janeiro, RJ (Brasil): 1980. p. 18-19 (BR8706851-AMS)
650 _aSECAGEM NATURAL
650 _aPRESERVACAO DE ALIMENTO
650 _aPLANTA
490 _aCada Cabeca e um Mundo (Brazil)
_vno. 10
942 _cAMS
_2AGRIS
909 _a202506
_bLúcia
_c55
_dLúcia Elande
999 _c335406
_d335406